[Event "Deutsche Ländermeisterschaft 2018"]
[Site "Würzburg GER"]
[Date "2018.10.05"]
[Round "5"]
[White "Halas, Julia"]
[Black "Lesny, Florian"]
[Result "0-1"]
[Termination "normal"]
[Board "2.5"]
[WhiteElo "1972"]
[BlackElo "2073"]
[WhiteClock "00:03:29"]
[BlackClock "00:32:37"]
[WhiteTeam "Sachsen 1"]
[BlackTeam "Hessen"]
[PlyCount "102"]
[WhiteFideId "12931810"]
[BlackFideId "12973874"]
[EventCountry "GER"]
[EventRounds "7"]
[EventType "team-swiss"]
[EventDate "2018.10.02"]

1. d4 {[%clk 1:30:58]} d5 {[%clk 1:30:51]} 2. c4 {[%clk 1:31:23]} c6 {[%clk
1:31:11]} 3. Nf3 {[%clk 1:31:49]} Nf6 {[%clk 1:31:29]} 4. Nc3 {[%clk 1:32:12]}
e6 {[%clk 1:31:47]} 5. Bg5 {[%clk 1:32:36]} Nbd7 {[%clk 1:32:05]} 6. e3 {[%clk
1:32:57]} Qa5 {[%clk 1:32:23]} 7. Nd2 {[%clk 1:33:20]} Bb4 {[%clk 1:31:44]} 8.
Qc2 {[%clk 1:33:39]} dxc4 {[%clk 1:28:20]} 9. Bxf6 {[%clk 1:32:59]} Nxf6 {[%clk
1:28:38]} 10. Nxc4 {[%clk 1:33:21]} Qc7 {[%clk 1:28:22]} 11. Be2 {[%clk
1:30:55]} O-O {[%clk 1:27:50]} 12. O-O {[%clk 1:30:33]} Rd8 {[%clk 1:25:16]}
13. Bf3 {[%clk 1:30:08]} Bd7 {[%clk 1:18:43]} 14. a3 {[%clk 1:26:20]} Bf8
{[%clk 1:17:02]} 15. b4 {[%clk 1:20:41]} Rac8 {[%clk 1:13:30]} 16. Rac1 {[%clk
1:16:38]} b6 {[%clk 1:11:25]} 17. Ne4 {[%clk 0:54:10]} Nxe4 {[%clk 1:10:30]}
18. Qxe4 {[%clk 0:52:42]} c5 {[%clk 1:07:28]} 19. dxc5 {[%clk 0:47:41]} bxc5
{[%clk 1:07:11]} 20. bxc5 {[%clk 0:37:09]} Qxc5 {[%clk 1:06:06]} 21. Qb1 {[%clk
0:22:11]} Qb5 {[%clk 1:02:57]} 22. Nd2 {[%clk 0:19:04]} Bxa3 {[%clk 0:56:54]}
23. Rcd1 {[%clk 0:11:58]} Qxb1 {[%clk 0:54:40]} 24. Rxb1 {[%clk 0:12:04]} Rb8
{[%clk 0:51:01]} 25. Nc4 {[%clk 0:04:51]} Bc5 {[%clk 0:49:15]} 26. Rxb8 {[%clk
0:04:25]} Rxb8 {[%clk 0:49:26]} 27. h3 {[%clk 0:03:50]} f6 {[%clk 0:46:02]} 28.
Rd1 {[%clk 0:03:37]} Be8 {[%clk 0:45:26]} 29. Na5 {[%clk 0:02:05]} Kf8 {[%clk
0:36:37]} 30. Nb7 Bb6 {[%clk 0:36:20]} 31. Rc1 {[%clk 0:01:23]} Ke7 {[%clk
0:36:04]} 32. Kf1 {[%clk 0:01:46]} Bb5+ {[%clk 0:35:39]} 33. Ke1 {[%clk
0:01:25]} Ba6 {[%clk 0:35:25]} 34. Nc5 {[%clk 0:01:36]} Bc8 {[%clk 0:32:59]}
35. Na4 {[%clk 0:01:07]} Ba5+ {[%clk 0:32:26]} 36. Kd1 {[%clk 0:01:27]} Bd7
{[%clk 0:30:22]} 37. Nc5 {[%clk 0:01:06]} Bb5 {[%clk 0:29:31]} 38. Nb7 {[%clk
0:01:17]} Bb6 {[%clk 0:28:40]} 39. Ra1 {[%clk 0:00:55]} Rc8 {[%clk 0:27:15]}
40. Na5 {[%clk 0:01:03]} f5 {[%clk 0:23:24]} 41. Ra3 {[%clk 0:26:39]} e5 {[%clk
0:52:12]} 42. e4 {[%clk 0:21:21]} g6 {[%clk 0:49:59]} 43. Ra2 {[%clk 0:19:24]}
Rd8+ {[%clk 0:49:16]} 44. Kc1 {[%clk 0:19:05]} Ke6 {[%clk 0:44:07]} 45. g4
{[%clk 0:16:27]} Rc8+ {[%clk 0:41:15]} 46. Kd1 {[%clk 0:15:20]} Rc3 {[%clk
0:41:01]} 47. exf5+ {[%clk 0:15:03]} gxf5 {[%clk 0:41:15]} 48. gxf5+ {[%clk
0:13:56]} Kxf5 {[%clk 0:41:35]} 49. Bg4+ {[%clk 0:08:02]} Kf4 {[%clk 0:41:32]}
50. Nb7 {[%clk 0:05:19]} Bc6 {[%clk 0:38:34]} 51. Na5 {[%clk 0:03:29]} Bd5
{[%clk 0:32:37]} 0-1

[Event "Deutsche Ländermeisterschaft 2018"]
[Site "Würzburg GER"]
[Date "2018.10.05"]
[Round "5"]
[White "Laux, Dominik"]
[Black "Könze, Heike"]
[Result "1/2-1/2"]
[Termination "normal"]
[Board "2.6"]
[WhiteElo "1987"]
[BlackElo "1845"]
[WhiteClock "00:20:19"]
[BlackClock "00:55:52"]
[WhiteTeam "Hessen"]
[BlackTeam "Sachsen 1"]
[PlyCount "83"]
[WhiteFideId "12994219"]
[BlackFideId "12964476"]
[EventCountry "GER"]
[EventRounds "7"]
[EventType "team-swiss"]
[EventDate "2018.10.02"]

1. d4 {[%clk 1:30:50]} e6 {[%clk 1:30:49]} 2. Bf4 {[%clk 1:31:07]} d5 {[%clk
1:31:01]} 3. e3 {[%clk 1:31:17]} Nf6 {[%clk 1:31:13]} 4. Nf3 {[%clk 1:31:04]}
c5 {[%clk 1:29:48]} 5. c3 {[%clk 1:30:25]} Be7 {[%clk 1:28:45]} 6. Nbd2 {[%clk
1:29:24]} Nc6 {[%clk 1:27:04]} 7. Bd3 {[%clk 1:28:43]} Nh5 {[%clk 1:22:22]} 8.
Bg3 {[%clk 1:27:46]} cxd4 {[%clk 1:19:36]} 9. exd4 {[%clk 1:26:31]} Nxg3 {[%clk
1:19:24]} 10. hxg3 {[%clk 1:25:28]} h6 {[%clk 1:18:06]} 11. O-O {[%clk
1:22:37]} Bd7 {[%clk 1:15:17]} 12. Re1 {[%clk 1:21:08]} Qb6 {[%clk 1:13:26]}
13. Rb1 {[%clk 1:18:04]} h5 {[%clk 1:07:01]} 14. Ne5 {[%clk 1:12:47]} Nxe5
{[%clk 1:07:12]} 15. Rxe5 {[%clk 1:13:02]} h4 {[%clk 1:06:33]} 16. gxh4 {[%clk
1:08:05]} Bxh4 {[%clk 1:05:13]} 17. Rh5 {[%clk 1:05:22]} O-O-O {[%clk 1:04:39]}
18. Rxh8 {[%clk 0:58:22]} Rxh8 {[%clk 1:04:50]} 19. Nf3 {[%clk 0:58:09]} Bf6
{[%clk 1:01:54]} 20. Bf1 {[%clk 0:51:57]} Qd6 {[%clk 0:57:50]} 21. Qe2 {[%clk
0:47:50]} Qf4 {[%clk 0:53:04]} 22. g3 {[%clk 0:46:38]} Qf5 {[%clk 0:44:28]} 23.
Rc1 {[%clk 0:40:58]} Qh5 {[%clk 0:44:27]} 24. Bg2 {[%clk 0:40:21]} e5 {[%clk
0:41:20]} 25. dxe5 {[%clk 0:33:09]} Bh3 {[%clk 0:40:05]} 26. Qf1 {[%clk
0:24:24]} Bxg2 {[%clk 0:40:22]} 27. Qxg2 {[%clk 0:24:30]} Bxe5 {[%clk 0:40:29]}
28. Nxe5 {[%clk 0:18:23]} Qxe5 {[%clk 0:40:46]} 29. Rd1 {[%clk 0:18:01]} Rh5
{[%clk 0:36:30]} 30. Qf3 {[%clk 0:16:03]} Qf5 {[%clk 0:34:47]} 31. Qe2 {[%clk
0:11:07]} Qe5 {[%clk 0:34:21]} 32. Qxe5 {[%clk 0:08:18]} Rxe5 {[%clk 0:34:43]}
33. Rd2 {[%clk 0:08:13]} Kc7 {[%clk 0:34:46]} 34. f4 {[%clk 0:07:17]} Rf5
{[%clk 0:34:53]} 35. Kf2 {[%clk 0:07:12]} Kc6 {[%clk 0:33:26]} 36. Kf3 {[%clk
0:06:06]} Rf6 {[%clk 0:33:02]} 37. Rh2 {[%clk 0:02:56]} Kc5 {[%clk 0:31:17]}
38. g4 {[%clk 0:02:22]} g5 {[%clk 0:29:53]} 39. f5 {[%clk 0:02:25]} Rb6 {[%clk
0:29:11]} 40. Ke3 {[%clk 0:00:56]} f6 {[%clk 0:27:52]} 41. Kd3 {[%clk 0:29:16]}
a5 {[%clk 0:55:52]} 42. Re2 {[%clk 0:20:19]} 1/2-1/2

[Event "Deutsche Ländermeisterschaft 2018"]
[Site "Würzburg GER"]
[Date "2018.10.05"]
[Round "5"]
[White "Sieber, Fiona"]
[Black "Gschnitzer, Adrian"]
[Result "0-1"]
[Termination "normal"]
[Board "3.1"]
[WhiteTitle "WIM"]
[WhiteElo "2277"]
[BlackElo "2353"]
[WhiteClock "00:03:08"]
[BlackClock "00:40:42"]
[WhiteTeam "Sachsen-Anhalt"]
[BlackTeam "Baden 1"]
[PlyCount "82"]
[WhiteFideId "12902373"]
[BlackFideId "1270337"]
[EventCountry "GER"]
[EventRounds "7"]
[EventType "team-swiss"]
[EventDate "2018.10.02"]

1. e4 {[%clk 1:30:58]} c5 {[%clk 1:30:52]} 2. Nf3 {[%clk 1:31:24]} Nc6 {[%clk
1:31:12]} 3. d4 {[%clk 1:31:50]} cxd4 {[%clk 1:31:34]} 4. Nxd4 {[%clk 1:32:16]}
g6 {[%clk 1:31:45]} 5. c4 {[%clk 1:32:41]} Bg7 {[%clk 1:32:07]} 6. Be3 {[%clk
1:33:06]} Nf6 {[%clk 1:32:27]} 7. Nc3 {[%clk 1:33:31]} Ng4 {[%clk 1:32:43]} 8.
Qxg4 {[%clk 1:33:54]} Nxd4 {[%clk 1:33:05]} 9. Qd1 {[%clk 1:34:19]} Ne6 {[%clk
1:33:26]} 10. Rc1 {[%clk 1:34:15]} Qa5 {[%clk 1:33:48]} 11. Be2 {[%clk
1:33:31]} b6 {[%clk 1:34:02]} 12. O-O {[%clk 1:33:43]} Bb7 {[%clk 1:34:22]} 13.
f3 {[%clk 1:32:39]} g5 {[%clk 1:34:36]} 14. Rf2 {[%clk 1:30:57]} h5 {[%clk
1:31:59]} 15. Bf1 {[%clk 1:24:36]} Qe5 {[%clk 1:32:09]} 16. Rd2 {[%clk
1:17:26]} d6 {[%clk 1:31:20]} 17. Qa4+ {[%clk 1:06:42]} Kf8 {[%clk 1:31:38]}
18. Nd5 {[%clk 1:01:10]} Nc5 {[%clk 1:20:21]} 19. Qa3 {[%clk 0:51:15]} Ne6
{[%clk 1:15:47]} 20. b4 {[%clk 0:38:24]} Bh6 {[%clk 1:10:41]} 21. Rcd1 {[%clk
0:31:25]} g4 {[%clk 0:58:27]} 22. f4 {[%clk 0:30:40]} Nxf4 {[%clk 0:53:37]} 23.
Bd4 {[%clk 0:30:15]} Qxe4 {[%clk 0:53:24]} 24. Bxh8 {[%clk 0:30:01]} Bxd5
{[%clk 0:49:22]} 25. cxd5 {[%clk 0:16:24]} Nh3+ {[%clk 0:47:27]} 26. Kh1 {[%clk
0:08:48]} Bxd2 {[%clk 0:46:11]} 27. Rxd2 {[%clk 0:09:17]} Qe1 {[%clk 0:45:34]}
28. Qd3 {[%clk 0:08:49]} Nf4 {[%clk 0:43:20]} 29. Qc4 {[%clk 0:03:28]} Qxd2
{[%clk 0:43:26]} 30. Bc3 {[%clk 0:03:01]} Qf2 {[%clk 0:41:04]} 31. Bd4 {[%clk
0:02:14]} b5 {[%clk 0:39:51]} 32. Bxf2 {[%clk 0:01:41]} bxc4 {[%clk 0:40:15]}
33. Bxc4 {[%clk 0:01:36]} Rc8 {[%clk 0:40:13]} 34. Bb5 {[%clk 0:01:23]} Rc1+
{[%clk 0:40:14]} 35. Bg1 {[%clk 0:01:53]} Nxd5 {[%clk 0:40:15]} 36. g3 {[%clk
0:02:04]} Nxb4 {[%clk 0:40:14]} 37. a3 {[%clk 0:02:19]} Nc2 {[%clk 0:40:11]}
38. Kg2 {[%clk 0:02:05]} Ne1+ {[%clk 0:39:58]} 39. Kf2 {[%clk 0:02:25]} Nf3
{[%clk 0:40:22]} 40. Bf1 {[%clk 0:02:42]} Nxg1 {[%clk 0:40:24]} 41. Kxg1 {[%clk
0:03:08]} Rxf1+ {[%clk 0:40:42]} 0-1

[Event "Deutsche Ländermeisterschaft 2018"]
[Site "Würzburg GER"]
[Date "2018.10.05"]
[Round "5"]
[White "Färber, David"]
[Black "Pallas, Sebastian"]
[Result "1/2-1/2"]
[Termination "normal"]
[Board "3.2"]
[WhiteElo "2291"]
[BlackElo "2278"]
[WhiteClock "00:03:01"]
[BlackClock "00:02:07"]
[WhiteTeam "Baden 1"]
[BlackTeam "Sachsen-Anhalt"]
[PlyCount "79"]
[WhiteFideId "12971294"]
[BlackFideId "12905453"]
[EventCountry "GER"]
[EventRounds "7"]
[EventType "team-swiss"]
[EventDate "2018.10.02"]

1. e4 {[%clk 1:30:57]} c5 {[%clk 1:30:51]} 2. Nf3 {[%clk 1:31:19]} d6 {[%clk
1:31:09]} 3. Bb5+ {[%clk 1:31:41]} Nd7 {[%clk 1:31:06]} 4. O-O {[%clk 1:32:01]}
a6 {[%clk 1:31:22]} 5. Bd3 {[%clk 1:32:17]} Ngf6 {[%clk 1:28:36]} 6. Re1 {[%clk
1:32:26]} Qc7 {[%clk 1:28:30]} 7. c3 {[%clk 1:20:51]} b5 {[%clk 1:28:09]} 8. a4
{[%clk 1:18:41]} b4 {[%clk 1:24:22]} 9. Bc2 {[%clk 1:14:13]} Bb7 {[%clk
1:23:54]} 10. d3 {[%clk 1:13:14]} g6 {[%clk 1:19:28]} 11. Nbd2 {[%clk 1:12:29]}
bxc3 {[%clk 1:14:20]} 12. bxc3 {[%clk 1:12:33]} Bg7 {[%clk 1:14:41]} 13. Nf1
{[%clk 1:11:11]} O-O {[%clk 1:13:58]} 14. Ng3 {[%clk 1:07:06]} Rac8 {[%clk
1:11:21]} 15. Bg5 {[%clk 1:05:24]} h6 {[%clk 1:09:27]} 16. Bd2 {[%clk 0:58:46]}
a5 {[%clk 0:56:53]} 17. h4 {[%clk 0:48:19]} h5 {[%clk 0:52:35]} 18. Bg5 {[%clk
0:41:48]} Rfe8 {[%clk 0:52:12]} 19. Qd2 {[%clk 0:40:22]} Ng4 {[%clk 0:51:15]}
20. Nh2 {[%clk 0:33:16]} Nxh2 {[%clk 0:45:27]} 21. Kxh2 {[%clk 0:33:38]} Ne5
{[%clk 0:45:45]} 22. Kg1 {[%clk 0:23:42]} Ba6 {[%clk 0:31:50]} 23. f4 {[%clk
0:17:10]} Ng4 {[%clk 0:31:53]} 24. f5 {[%clk 0:17:23]} d5 {[%clk 0:31:18]} 25.
Bf4 {[%clk 0:16:07]} Be5 {[%clk 0:31:24]} 26. Rf1 {[%clk 0:14:53]} d4 {[%clk
0:23:42]} 27. fxg6 {[%clk 0:12:27]} fxg6 {[%clk 0:23:39]} 28. Bb3+ {[%clk
0:10:42]} e6 {[%clk 0:19:50]} 29. cxd4 {[%clk 0:10:31]} Bxd4+ {[%clk 0:19:32]}
30. Kh1 {[%clk 0:10:52]} Qg7 {[%clk 0:18:25]} 31. Rac1 {[%clk 0:10:39]} Kh8
{[%clk 0:18:24]} 32. Bd1 {[%clk 0:08:35]} Rf8 {[%clk 0:10:15]} 33. Bxg4 {[%clk
0:06:58]} hxg4 {[%clk 0:10:44]} 34. Ne2 {[%clk 0:06:14]} Kh7 {[%clk 0:05:25]}
35. Bg5 {[%clk 0:04:46]} Rxf1+ {[%clk 0:04:27]} 36. Rxf1 {[%clk 0:05:10]} Rf8
{[%clk 0:04:49]} 37. Rxf8 {[%clk 0:04:55]} Qxf8 {[%clk 0:05:15]} 38. Nxd4
{[%clk 0:05:02]} cxd4 {[%clk 0:04:24]} 39. Qxa5 {[%clk 0:04:42]} Bxd3 {[%clk
0:02:07]} 40. Qa7+ {[%clk 0:03:01]} 1/2-1/2

[Event "Deutsche Ländermeisterschaft 2018"]
[Site "Würzburg GER"]
[Date "2018.10.05"]
[Round "5"]
[White "Mütsch, Annmarie"]
[Black "Hartge, Gedeon"]
[Result "1/2-1/2"]
[Termination "normal"]
[Board "3.4"]
[WhiteElo "2194"]
[BlackElo "2214"]
[WhiteClock "00:50:44"]
[BlackClock "00:28:44"]
[WhiteTeam "Baden 1"]
[BlackTeam "Sachsen-Anhalt"]
[PlyCount "83"]
[WhiteFideId "12971367"]
[BlackFideId "12932116"]
[EventCountry "GER"]
[EventRounds "7"]
[EventType "team-swiss"]
[EventDate "2018.10.02"]

1. e4 {[%clk 1:30:57]} c5 {[%clk 1:30:56]} 2. Nf3 {[%clk 1:31:20]} e6 {[%clk
1:31:21]} 3. d4 {[%clk 1:31:46]} cxd4 {[%clk 1:31:47]} 4. Nxd4 {[%clk 1:32:11]}
a6 {[%clk 1:32:13]} 5. c4 {[%clk 1:32:31]} Nf6 {[%clk 1:32:35]} 6. Nc3 {[%clk
1:32:53]} Qc7 {[%clk 1:32:45]} 7. a3 {[%clk 1:33:11]} b6 {[%clk 1:33:01]} 8.
Be3 {[%clk 1:33:23]} Bb7 {[%clk 1:32:59]} 9. f3 {[%clk 1:33:47]} Nc6 {[%clk
1:32:17]} 10. Be2 {[%clk 1:31:04]} Nxd4 {[%clk 1:32:35]} 11. Qxd4 {[%clk
1:30:03]} Bc5 {[%clk 1:32:56]} 12. Qd2 {[%clk 1:30:28]} Bxe3 {[%clk 1:21:16]}
13. Qxe3 {[%clk 1:30:51]} d6 {[%clk 1:21:19]} 14. O-O {[%clk 1:25:35]} Qc5
{[%clk 1:01:45]} 15. Qxc5 {[%clk 1:24:18]} bxc5 {[%clk 0:50:21]} 16. b4 {[%clk
1:20:31]} Ke7 {[%clk 0:39:43]} 17. Rfd1 {[%clk 1:13:21]} Rhb8 {[%clk 0:36:33]}
18. Rab1 {[%clk 1:11:25]} Bc6 {[%clk 0:32:14]} 19. Rd2 {[%clk 1:06:52]} Be8
{[%clk 0:21:31]} 20. Rdb2 {[%clk 1:02:11]} cxb4 {[%clk 0:17:52]} 21. axb4
{[%clk 1:00:00]} g5 {[%clk 0:13:38]} 22. Ra2 {[%clk 0:57:47]} Nd7 {[%clk
0:12:40]} 23. Ra5 {[%clk 0:55:21]} h6 {[%clk 0:12:35]} 24. Kf2 {[%clk 0:53:56]}
Ne5 {[%clk 0:09:11]} 25. c5 {[%clk 0:48:09]} Nc6 {[%clk 0:09:08]} 26. cxd6+
{[%clk 0:46:26]} Kxd6 {[%clk 0:09:33]} 27. Ra4 {[%clk 0:44:26]} Ke5 {[%clk
0:07:16]} 28. Ke3 {[%clk 0:37:21]} Ra7 {[%clk 0:05:35]} 29. g3 {[%clk 0:31:39]}
Rab7 {[%clk 0:05:15]} 30. f4+ {[%clk 0:30:44]} Kf6 {[%clk 0:05:40]} 31. e5+
{[%clk 0:30:11]} Kg7 {[%clk 0:05:49]} 32. Bxa6 {[%clk 0:28:16]} Rxb4 {[%clk
0:06:10]} 33. Raxb4 {[%clk 0:27:53]} Nxb4 {[%clk 0:03:41]} 34. Bd3 {[%clk
0:27:11]} Nc6 {[%clk 0:02:22]} 35. Rxb8 {[%clk 0:27:18]} Nxb8 {[%clk 0:02:48]}
36. Ne4 {[%clk 0:26:14]} gxf4+ {[%clk 0:02:18]} 37. Kxf4 {[%clk 0:24:39]} Ba4
{[%clk 0:01:35]} 38. Nf6 {[%clk 0:23:14]} Nd7 {[%clk 0:01:15]} 39. Nxd7 {[%clk
0:20:19]} Bxd7 {[%clk 0:01:41]} 40. g4 {[%clk 0:20:30]} f6 {[%clk 0:01:12]} 41.
h4 {[%clk 0:19:50]} Ba4 {[%clk 0:28:44]} 42. exf6+ {[%clk 0:50:44]} 1/2-1/2

[Event "Deutsche Ländermeisterschaft 2018"]
[Site "Würzburg GER"]
[Date "2018.10.05"]
[Round "5"]
[White "Zeuner, Ole"]
[Black "Wu, Leon"]
[Result "1-0"]
[Termination "normal"]
[Board "3.5"]
[WhiteElo "1865"]
[BlackElo "2009"]
[WhiteClock "00:11:33"]
[BlackClock "00:01:01"]
[WhiteTeam "Sachsen-Anhalt"]
[BlackTeam "Baden 1"]
[PlyCount "67"]
[WhiteFideId "12943576"]
[BlackFideId "12977438"]
[EventCountry "GER"]
[EventRounds "7"]
[EventType "team-swiss"]
[EventDate "2018.10.02"]

1. e4 {[%clk 1:30:59]} c5 {[%clk 1:30:55]} 2. Nf3 {[%clk 1:31:25]} d6 {[%clk
1:31:15]} 3. d4 {[%clk 1:31:51]} cxd4 {[%clk 1:31:42]} 4. Nxd4 {[%clk 1:32:15]}
Nf6 {[%clk 1:32:03]} 5. Nc3 {[%clk 1:32:40]} a6 {[%clk 1:32:21]} 6. Be3 {[%clk
1:33:05]} e5 {[%clk 1:32:28]} 7. Nb3 {[%clk 1:33:29]} Be6 {[%clk 1:32:34]} 8.
h3 {[%clk 1:33:30]} Qc7 {[%clk 1:31:44]} 9. g4 {[%clk 1:25:57]} h6 {[%clk
1:25:31]} 10. f4 {[%clk 1:23:52]} exf4 {[%clk 1:24:06]} 11. Bxf4 {[%clk
1:24:07]} Nbd7 {[%clk 1:19:59]} 12. Qe2 {[%clk 1:21:09]} Ne5 {[%clk 1:18:02]}
13. O-O-O {[%clk 1:17:09]} O-O-O {[%clk 1:16:11]} 14. Nd5 {[%clk 1:14:26]} Nxd5
{[%clk 1:14:39]} 15. exd5 {[%clk 1:14:21]} Bd7 {[%clk 1:14:18]} 16. Qf2 {[%clk
1:08:26]} Ba4 {[%clk 0:45:07]} 17. Rd4 {[%clk 0:53:25]} Bxb3 {[%clk 0:43:08]}
18. axb3 {[%clk 0:52:09]} Kb8 {[%clk 0:42:29]} 19. Rb4 {[%clk 0:51:33]} Ka8
{[%clk 0:38:24]} 20. Be3 {[%clk 0:49:19]} Qa5 {[%clk 0:32:58]} 21. Ra4 {[%clk
0:48:57]} Qxd5 {[%clk 0:31:28]} 22. Rxa6+ {[%clk 0:46:16]} Kb8 {[%clk 0:30:02]}
23. Bg2 {[%clk 0:40:26]} Qe6 {[%clk 0:26:59]} 24. Bd2 {[%clk 0:26:33]} Kc7
{[%clk 0:10:15]} 25. Ba5+ {[%clk 0:15:55]} Kd7 {[%clk 0:09:35]} 26. Bxb7 {[%clk
0:15:55]} Re8 {[%clk 0:02:28]} 27. Qa7 {[%clk 0:12:03]} Ke7 {[%clk 0:02:28]}
28. Bc8+ {[%clk 0:11:51]} Nd7 {[%clk 0:01:00]} 29. Bxd7 {[%clk 0:12:08]} Ra8
{[%clk 0:00:37]} 30. Qxa8 {[%clk 0:11:47]} Qe3+ {[%clk 0:00:38]} 31. Bd2 {[%clk
0:11:30]} Qf2 {[%clk 0:00:35]} 32. Qe8+ {[%clk 0:11:15]} Kf6 {[%clk 0:00:58]}
33. Bc3+ {[%clk 0:11:21]} Kg5 {[%clk 0:01:01]} 34. h4+ {[%clk 0:11:33]} 1-0

[Event "Deutsche Ländermeisterschaft 2018"]
[Site "Würzburg GER"]
[Date "2018.10.05"]
[Round "5"]
[White "Niermann, Tristan"]
[Black "Riehle, Marco"]
[Result "1-0"]
[Termination "normal"]
[Board "4.1"]
[WhiteTitle "FM"]
[BlackTitle "FM"]
[WhiteElo "2315"]
[BlackElo "2265"]
[WhiteClock "00:05:18"]
[BlackClock "00:18:57"]
[WhiteTeam "Nordrhein-Westfalen"]
[BlackTeam "Baden 2"]
[PlyCount "67"]
[WhiteFideId "12990698"]
[BlackFideId "12904392"]
[EventCountry "GER"]
[EventRounds "7"]
[EventType "team-swiss"]
[EventDate "2018.10.02"]

1. d4 {[%clk 1:30:58]} d5 {[%clk 1:30:20]} 2. c4 {[%clk 1:29:03]} e6 {[%clk
1:30:37]} 3. Nf3 {[%clk 1:29:24]} Nf6 {[%clk 1:30:18]} 4. g3 {[%clk 1:29:47]}
dxc4 {[%clk 1:29:45]} 5. Bg2 {[%clk 1:30:04]} Nc6 {[%clk 1:27:57]} 6. Qa4
{[%clk 1:22:53]} Bb4+ {[%clk 1:25:57]} 7. Bd2 {[%clk 1:23:03]} Nd5 {[%clk
1:26:01]} 8. Qb5 {[%clk 1:08:48]} Bxd2+ {[%clk 1:18:56]} 9. Nbxd2 {[%clk
1:08:36]} c3 {[%clk 1:18:59]} 10. bxc3 {[%clk 1:07:13]} Nxc3 {[%clk 1:19:08]}
11. Qd3 {[%clk 1:00:46]} Nd5 {[%clk 1:17:39]} 12. O-O {[%clk 0:58:30]} O-O
{[%clk 1:17:14]} 13. Rfc1 {[%clk 0:45:52]} Qe7 {[%clk 1:13:26]} 14. e4 {[%clk
0:37:54]} Nf6 {[%clk 1:09:32]} 15. Rab1 {[%clk 0:32:17]} Rd8 {[%clk 1:07:49]}
16. e5 {[%clk 0:30:47]} Nd5 {[%clk 1:06:28]} 17. Ne4 {[%clk 0:29:59]} f5 {[%clk
1:01:42]} 18. exf6 {[%clk 0:25:59]} Nxf6 {[%clk 0:59:07]} 19. Nxf6+ {[%clk
0:25:10]} Qxf6 {[%clk 0:59:23]} 20. Qa3 {[%clk 0:18:05]} a5 {[%clk 0:50:07]}
21. h4 {[%clk 0:13:36]} Ra6 {[%clk 0:44:29]} 22. Bf1 {[%clk 0:13:36]} Rb6
{[%clk 0:44:04]} 23. Rxb6 {[%clk 0:13:58]} cxb6 {[%clk 0:44:30]} 24. Qe3 {[%clk
0:13:45]} Bd7 {[%clk 0:34:22]} 25. Bc4 {[%clk 0:11:34]} Rf8 {[%clk 0:28:55]}
26. Ng5 {[%clk 0:06:01]} Nd8 {[%clk 0:23:28]} 27. Bd3 {[%clk 0:05:30]} g6
{[%clk 0:20:40]} 28. Rc7 {[%clk 0:05:19]} Qe7 {[%clk 0:20:51]} 29. h5 {[%clk
0:04:38]} Qd6 {[%clk 0:20:23]} 30. Qe5 {[%clk 0:04:36]} Qxe5 {[%clk 0:18:19]}
31. dxe5 {[%clk 0:05:02]} Nf7 {[%clk 0:18:43]} 32. Nxh7 {[%clk 0:04:37]} Kxh7
{[%clk 0:18:31]} 33. hxg6+ {[%clk 0:05:04]} Kh6 {[%clk 0:18:57]} 34. Rxd7
{[%clk 0:05:18]} 1-0